Ultimate Che Guevara Quiz - Statistics

General Stats
  • This quiz has been taken 256 times
  • The average score is 9 of 15
Answer Stats
Hint Answer % Correct
In what country was Che Guevara born? Argentina
97%
Guevara helped overthrow the ruthless military dictatorship in what country? Cuba
94%
Che Guevara was murdered 1967 in what country? Bolivia
80%
What was his real first name? Ernesto
80%
What did Guevara initially study? Medicine
74%
A young Che Guevara famously travelled trough South America using what vehicle? Motorcycle
73%
In what African country did he fight as a guerilla leader? Republic of the Congo (D.R. Congo today)
69%
And what was the name of that dictator? Fulgencio Batista
68%
In what country did Guevara meet Raul and Fidel Castro? Mexico
66%
What does the slang word Che mean? Man, bro, dude, mate, etc.
54%
Guevara suffered from this disease. Asthma
52%
Finish the quote: "If you tremble with indignation at every _____, then you are a comrade of mine" injustice
47%
This was his favorite game and even participated in tournaments Chess
40%
Which Cuban peso banknote has a picture of Guevara? 3 peso banknote
38%
Cuban revolutionary organization and later a political party that he was a member of. 26th of July Movement
17%
No matching quizzes found
Score Distribution
Percent of People with Each Score
Percentile by Number Answered
Your Score History
You have not taken this quiz